000 02330nam a2200349 a 4500
001 ebr10509023
003 CaPaEBR
006 m u
007 cr cn|||||||||
008 080212t20092008mau sb 001 0deng d
010 _z 2008006146
020 _z9781934843031
020 _z9781618111142 (e-book)
040 _aCaPaEBR
_cCaPaEBR
035 _a(OCoLC)769188614
050 1 4 _aBM755.E76
_bF57 2009eb
082 0 4 _a296.1/8092
_222
100 1 _aFishbane, Simcha.
245 1 4 _aThe boldness of a halakhist
_h[electronic resource] :
_ban analysis of the writings of Rabbi Yechiel Mechel Halevi Epstein The Arukh Hashulhan : a collection of social-anthropological essays /
_cSimcha Fishbane.
260 _aBoston :
_bAcademic Studies Press,
_c2009, c2008.
300 _axxi, 182 p.
490 1 _aJudaism and Jewish life
504 _aIncludes bibliographical references and index.
505 0 _aRabbi Yechiel Mechel Halevi Epstein : his life and works -- Long live the tsar : Rabbi Yechiel Mechel Epstein and the Russian political system -- Today not yesteryear : Rabbi Y.M. Epstein's adjudicative process as expressed in the Arukh Hashulhan -- In any case there are no sinful thoughts : the role and status of women in Jewish law as expressed in the Arukh Hashulhan -- The audacity of a religious adjudicator : Rabbi Yechiel Mechel Epstein and modernity -- Mercy is vouchsafed from heaven : halakhah's response to violence as expressed in the Arukh Hashulhan Oreh Hayyim, sections 560 and 576:8 -- Secular studies are the supplement of Torah studies : Kol Ben Levi : the homilies of Rabbi Yechiel Mechel Halevi Epstein : the first sermon -- Recurrent themes in the homilies of Rabbi Yechiel Mechel Halevi Epstein -- Social reality or the written word : minhag as expressed in the Arukh Hashulhan.
533 _aElectronic reproduction.
_bPalo Alto, Calif. :
_cebrary,
_d2013.
_nAvailable via World Wide Web.
_nAccess may be limited to ebrary affiliated libraries.
600 1 0 _aEpstein, Yechiel Mechel Halevi,
_d1829-1908
_xTeachings.
650 0 _aJewish law.
655 7 _aElectronic books.
_2local
710 2 _aebrary, Inc.
830 0 _aJudaism and Jewish life.
856 4 0 _uhttp://site.ebrary.com/lib/rucke/Doc?id=10509023
_zAn electronic book accessible through the World Wide Web; click to view
999 _c218204
_d218204